ٹوٹاھواپَل۔۔۔ (Record no. 529051)

000 -LEADER
fixed length control field 00410nam a22001577a 4500
003 - CONTROL NUMBER IDENTIFIER
control field NUST
038 ## - RECORD CONTENT LICENSOR
Staff Name MSOHAIL
082 ## - DEWEY DECIMAL CLASSIFICATION NUMBER
Classification number 891.4391
Author Mark AHM
100 ## - MAIN ENTRY--PERSONAL NAME
Personal name شھزاد ِاحمد
9 (RLIN) 100
245 ## - TITLE STATEMENT
Title ٹوٹاھواپَل۔۔۔
Remainder of title Toota Howa Pal
Statement of responsibility, etc. Shahza Ahmad
250 ## - EDITION STATEMENT
Edition statement Vol- 1 & 2
260 ## - PUBLICATION, DISTRIBUTION, ETC.
Place of publication, distribution, etc. LAHORE
Name of publisher, distributor, etc. Ilm o Irfan Publisher
Date of publication, distribution, etc. 2010
300 ## - PHYSICAL DESCRIPTION
Extent 200,p;
650 ## - SUBJECT ADDED ENTRY--TOPICAL TERM
Topical term or geographic name entry element URDU ADAB-NOVEL
9 (RLIN) 20918
942 ## - ADDED ENTRY ELEMENTS (KOHA)
Koha item type Book
Source of classification or shelving scheme
Holdings
Withdrawn status Lost status Source of classification or shelving scheme Damaged status Not for loan Permanent Location Current Location Date acquired Total Checkouts Full call number Barcode Date last seen Price effective from Koha item type
          School of Civil and Environmental Engineering (SCEE) School of Civil and Environmental Engineering (SCEE) 09/19/2019   891.4391 AHM NIT-10670 09/19/2019 09/19/2019 Book
© 2023 Central Library, National University of Sciences and Technology. All Rights Reserved.